000
00321nam a2200121Ia 4500
008
210430s9999 xx 000 0 und d
020
_a
978-81-309-2916-3
082
_a
530 H487M
100
_a
S.L.Kakani,C.Hemrajani,S.kakani
245
_a
Mechanics
_c
S.L.Kakani,C.Hemrajani,S.kakani
300
_a
912
942
_c
BK
_2
ddc
999
_c
565307
_d
565307